Normal view
MARC view
- Paris (France)
Entry Geographic Name
001 - CONTROL NUMBER
- control field: 33934
003 - CONTROL NUMBER IDENTIFIER
- control field: OSt
005 - DATE AND TIME OF LATEST TRANSACTION
- control field: 20131008140745.0
008 - FIXED-LENGTH DATA ELEMENTS
- fixed length control field: 131008|| aca||aabn | a|a d
040 ## - CATALOGING SOURCE
- Original cataloging agency: OSt
- Transcribing agency: OSt
151 ## - HEADING--GEOGRAPHIC NAME
- Geographic name: Paris (France)
- General subdivision: Intellectual life.
670 ## - SOURCE DATA FOUND
- Source citation: Work cat.: (OSt)0: Fitch, Noel Riley, 1937- 33931, Sylvia beach and the lost generation :, 1985, c1983.